000 00741nam a2200241Ia 4500
005 20260430150443.0
008 008 250103s9999 xx 000 0 eng d
037 _aTheses
040 _aCRL
040 _beng
040 _ceng
041 _2eng
041 _aeng
084 _qCRL
100 _aChanchal Kumar Au.; Basil Mandira Varma Gu.; Sharma Sadhna Gu.
_91237550
245 0 _aFunctional Analysis of Cell Intrusion Proteins of Mycobacterium Tuberculosis as Potential Target for Vaccine Development
260 _c2022
300 _a137p.
650 _aMicrobiology
700 _aUniversity of Delhi. Faculty of Inter- Disciplinary & Applied Science. Deptt. of Microbiology
942 _cTH
999 _c1849818
_d1849818